Mechanics of the gyroscope (Record no. 4520)

MARC details
000 -LEADER
fixed length control field 00531nam a2200181Ia 4500
003 - CONTROL NUMBER IDENTIFIER
control field IN-BaIIA
008 - FIXED-LENGTH DATA ELEMENTS--GENERAL INFORMATION
fixed length control field 211028s9999 xx 000 0 eng d
040 ## - CATALOGING SOURCE
Transcribing agency IIA Library
080 ## - UNIVERSAL DECIMAL CLASSIFICATION NUMBER
Universal Decimal Classification number 53.082.16
Item number DEI
100 ## - MAIN ENTRY--PERSONAL NAME
Personal name Deimel, Richard F
9 (RLIN) 7938
245 #0 - TITLE STATEMENT
Title Mechanics of the gyroscope
Remainder of title the dynamics of ratation
Statement of responsibility, etc. Richard F. Deimel
260 ## - PUBLICATION, DISTRIBUTION, ETC.
Place of publication, distribution, etc. New York
Name of publisher, distributor, etc. Dover Publications
Date of publication, distribution, etc. 1950
300 ## - PHYSICAL DESCRIPTION
Extent ix, 192p.
650 ## - SUBJECT ADDED ENTRY--TOPICAL TERM
Topical term or geographic name entry element  Gyroscopes 
9 (RLIN) 7939
650 ## - SUBJECT ADDED ENTRY--TOPICAL TERM
Topical term or geographic name entry element  Mathematical physics
9 (RLIN) 7940
650 ## - SUBJECT ADDED ENTRY--TOPICAL TERM
Topical term or geographic name entry element NASA thesaurus 
9 (RLIN) 7941
942 ## - ADDED ENTRY ELEMENTS (KOHA)
Koha item type Books
Holdings
Withdrawn status Lost status Damaged status Not for loan Home library Current library Shelving location Date acquired Total Checkouts Full call number Barcode Date last seen Price effective from Koha item type
        IIA Library-Bangalore IIA Library-Bangalore General Stacks 09/10/1974   53.082.16/ DEI 5046 05/11/2021 09/10/1974 Books

Powered by Koha